Confronting Alzheimer's disease and other dementias / (Record no. 2624)

000 -LEADER
fixed length control field nam a22 7a 4500
005 - DATE AND TIME OF LATEST TRANSACTION
control field 20170517121812.0
008 - FIXED-LENGTH DATA ELEMENTS--GENERAL INFORMATION
fixed length control field 170517b1988 enk||||| |||| 00| 0 eng d
020 ## - INTERNATIONAL STANDARD BOOK NUMBER
International Standard Book Number 0397530005
040 ## - CATALOGING SOURCE
Original cataloging agency AKMAL
082 ## - DEWEY DECIMAL CLASSIFICATION NUMBER
Classification number 618.97683 COO
090 ## - LOCALLY ASSIGNED LC-TYPE CALL NUMBER (OCLC); LOCAL CALL NUMBER (RLIN)
Classification number (OCLC) (R) ; Classification number, CALL (RLIN) (NR) 618.97683
Local cutter number (OCLC) ; Book number/undivided call number, CALL (RLIN) COO
130 0# - MAIN ENTRY--UNIFORM TITLE
Uniform title Losing a million minds _ confronting the tragedy of Alzheimer's disease and other dementias.
9 (RLIN) 5481
245 10 - TITLE STATEMENT
Title Confronting Alzheimer's disease and other dementias /
Statement of responsibility, etc. Robert M. Cook-Deegan ... [et al.]
260 ## - PUBLICATION, DISTRIBUTION, ETC.
Name of publisher, distributor, etc. Science Information Resource Center.
300 ## - PHYSICAL DESCRIPTION
Extent 538p.
Dimensions cm
500 ## - GENERAL NOTE
General note Includes index
650 #0 - SUBJECT ADDED ENTRY--TOPICAL TERM
Topical term or geographic name entry element Alzheimer's disease
9 (RLIN) 5482
650 #0 - SUBJECT ADDED ENTRY--TOPICAL TERM
Topical term or geographic name entry element Dementia
9 (RLIN) 5483
650 #2 - SUBJECT ADDED ENTRY--TOPICAL TERM
Topical term or geographic name entry element Alzheimer's Disease.
9 (RLIN) 5484
700 1# - ADDED ENTRY--PERSONAL NAME
Personal name Cook-Deegan, Robert M.
9 (RLIN) 5485
710 1# - ADDED ENTRY--CORPORATE NAME
Corporate name or jurisdiction name as entry element United States.
Subordinate unit Congress.
-- Office of Technology Assessment.
9 (RLIN) 5486
942 ## - ADDED ENTRY ELEMENTS (KOHA)
Source of classification or shelving scheme
Koha item type Book
Holdings
Withdrawn status Lost status Source of classification or shelving scheme Damaged status Not for loan Collection code Home library Current library Shelving location Date acquired Inventory number Total Checkouts Full call number Barcode Date last seen Price effective from Koha item type
          NON-FICTION AKMAL Melaka AKMAL Melaka PINJAMAN 17.05.2017 601189   618.97683 COO 201703405 17.05.2017 17.05.2017 Book
Pusat Sumber Maklumat Dato' Haji Sarmin Md Hussin, Akademi Kastam Diraja Malaysia, Melaka
Tel: 06-2331106 | Faks: 06-2313787